Normal view MARC view
  • Kohli, Harinder S.,

Entry Personal Name

Number of records used in: 1

001 - CONTROL NUMBER

  • control field: 41855

003 - CONTROL NUMBER IDENTIFIER

  • control field: DLC

005 - DATE AND TIME OF LATEST TRANSACTION

  • control field: 20181031110650.0

008 - FIXED-LENGTH DATA ELEMENTS

  • fixed length control field: 831011n| acannaab| |n aaa |||

010 ## - LIBRARY OF CONGRESS CONTROL NUMBER

  • LC control number: n 83159565

040 ## - CATALOGING SOURCE

  • Original cataloging agency: DLC
  • Language of cataloging: eng
  • Transcribing agency: DLC
  • Modifying agency: DLC
  • Modifying agency: EG-ScBUE

100 10 - HEADING--PERSONAL NAME

  • Personal name: Kohli, Harinder S.,
  • Dates associated with a name: 1945-

670 ## - SOURCE DATA FOUND

  • Source citation: Leechor, C. Structural changes in world industry, 1983:
  • Information found: CIP t.p. (Harinder S. Kohli) CIP data sheet (b. 4/11/45)

670 ## - SOURCE DATA FOUND

  • Source citation: Choices for efficient private ... 1997:
  • Information found: CIP t.p. (Harinder Kohli)